| 000 | 00423cam a2200145 4500500 | ||
|---|---|---|---|
| 005 | 20251012032550.0 | ||
| 041 | _afre | ||
| 042 | _adc | ||
| 100 | 1 | 0 |
_aDufour, Sylvette _eauthor |
| 245 | 0 | 0 | _aDu Caravage à Bonnard |
| 260 | _c2005. | ||
| 500 | _a32 | ||
| 786 | 0 | _nSigila | 16 | 2 | 2005-12-20 | p. 173-179 | 1286-1715 | |
| 856 | 4 | 1 | _uhttps://shs.cairn.info/revue-sigila-2005-2-page-173?lang=fr&redirect-ssocas=7080 |
| 999 |
_c1547658 _d1547658 |
||